| 000 | 00744nam a22002297a 4500 | ||
|---|---|---|---|
| 999 |
_c6131 _d6131 |
||
| 003 | AR-CdUCM | ||
| 008 | 190313b ||||| |||| 00| 0 spa d | ||
| 040 |
_aMUNICIPALIDAD PROVINCIAL DEL CUSCO _cBIBLIOTECA MUNICIPAL DEL CUSCO |
||
| 082 |
_a868.69 / _bV18 |
||
| 100 |
_aValle-Inclán, Ramón del _911511 |
||
| 245 |
_aSonata de primavera : _bMemorias del marqués de Bradomin / |
||
| 260 |
_aNavarra : _bSalvat Editores : Alianza Editorial, _c1972. |
||
| 300 |
_a139 paginas ; _c18 cm. |
||
| 440 |
_aBiblioteca básica Salvat _917784 |
||
| 500 | _aDonación familia Nieto | ||
| 505 | _aContenido :Novela / | ||
| 650 |
_aLiteratura española _9362 |
||
| 650 |
_aNovela _95 |
||
| 650 |
_aSiglo XX _98 |
||
| 942 |
_2ddc _cLIBROS |
||
| 945 | _arjall | ||